000 03640nam a22003377a 4500
003 OSt
005 20240817002658.0
007 cr ||||||a|c|a
008 240802s2023 mx a|||fom||| 001 0 spa d
040 _erda
100 1 _aFlores Lupercio, Fatima Marlene
_9189347
245 1 0 _aEfecto de los inductores de resistencia in vitro y en campo de la incidencia de la roña (Cladosporium tenuissimum) en durazno /
_cpor Fatima Marlene Flores Lupercio; director de tesis Santos Gerardo Leyva Mir; secretario Isabel Nativitas Lima; vocal Moises Camacho Tapia; suplente Calixto Leopoldo Carrillo Fonseca; suplente Alondra Astudillo Gregorio.
264 1 _aChapingo, México :
_bEl autor,
_c2023.
300 _a1 recurso en línea (42 páginas):
_bcuadros, figuras.
336 _2rdacontent
_atexto
_btxt
337 _2rdamedia
_acomputadora
_bc
338 _2rdacarrier
_arecurso en línea
_bcr
502 _bIAEPA
_cParasitología
_d2023.
_gLIC
504 _aIncluye referencias bibliográficas: páginas 21-22,37-39.
520 _aLa roña del durazno causada por Cladosporium tenuissimum es una enfermedad económicamente significativa. Los principales daños causados son el manchado de la fruta y cancros en ramitas. La producción de esporas ocurre en ramitas de 1 año, mucho antes de que se rompa el cáliz y continúa por 5 a 6 semanas, en este periodo es esencial su control. Se recomienda utilizar fungicidas como clorotalonil, captan, azoxistrobin y productos a base de azufre. Sin embargo, es necesario considerar nuevas estrategias de manejo con base a la comprensión de los mecanismos de resistencia de la fruta preexistentes e inducibles. Los inductores sintéticos son pequeñas moléculas que inducen respuesta de inmunidad en las plantas, los cuales son estructuralmente diferentes de los inductores de defensa naturales de las plantas. La presente investigación se llevó a cabo con los siguientes objetivos: 1) Evaluar la sensibilidad in vitro de Cladosporium tenuissimum a los inductores Acibenzoalar-S-Metil y fosfito de potasio. 2) Evaluar el efecto en campo de Acibenzolar-S-Metil y fosfito de potasio en combinación con fungicidas para el control de la roña Cladosporium tenuissimum. Para evaluar el efecto de los inductores in vitro se realizaron pruebas de sensibilidad con los siguientes tratamientos: Acibenzolar-S-Metil (ACTIGAR) a dosis de 25, 50 y 100 mg·L1, fosfito de potasio (HORTIKEM PHOS K®) a dosis 1, 2 y 3 mL1 y captan (CAPTAN 50 WP) a dosis de 100 y 200 mg·L1. Se midió el crecimiento micelial diariamente con un vernier digital y se calculó la eficacia biológica con la fórmula de Abbott. Para los ensayos de campo; se realizaron tres aplicaciones de los inductores en conjunto con los fungicidas, estas aplicaciones se realizaron a los 40, 80 y 110 días después de la floración. Los fungicidas que se utilizaron para las aplicaciones en campo fueron captan (CAPTAN 50 WP ®), clorotalonil (BRAVO® 720) y tiofanato metílico (CERCOBIN®).
650 2 _aDurazno
_xEnfermedades por hongos
_xControl
_9189052
650 2 _aCladosporium tenuissimum
_xControl
_9189348
650 2 _aFungicidas
_xAplicación
_9126604
700 1 _aLeyva Mir, Santos Gerardo
_eDirector de tesis.
_966581
700 1 _aNativitas Lima, Isabel
_9129577
_eSecretario.
700 1 _aCamacho Tapia, Moises
_917710
_eVocal.
700 1 _aCarrillo Fonseca, Calixto Leopoldo
_919482
_eSuplente.
700 1 _aAstudillo Gregorio, Alondra
_9188300
_eSuplente.
856 _uhttp://10.13.5.2/tesis/tl/1010361-8_FLORES_LUPERCIO_FATIMAMARLENE.pdf
_zDESCARGAR PDF
942 _2Clasificación Universidad Autónoma Chapingo
_cTD
999 _c220049
_d220049